[Event "Corus 2010"]
[Site "Wijk aan Zee"]
[Date "24.01.2010"]
[Round "8"]
[White "Shirov,A"]
[Black "Carlsen,M"]
[Result "1/2-1/2"]
[WhiteElo "2723"]
[BlackElo "2810"]
[EventDate "2010.01.16"]

1. e4 c5 2. Nf3 Nc6 3. d4 cxd4 4. Nxd4 Nf6 5. Nc3 e5 6. Ndb5 d6 7. Bg5 a6
8. Na3 b5 9. Bxf6 gxf6 10. Nd5 Bg7 11. Bd3 Ne7 12. Nxe7 Qxe7 13. c4 f5 14.
O-O O-O 15. Qh5 Rb8 16. exf5 e4 17. Rae1 Bb7 18. Qg4 Rfe8 19. cxb5 d5 20.
bxa6 Bc6 21. b3 Kh8 22. Nc2 Bc3 23. Qh3 Qf6 24. Be2 d4 25. Bc4 Rg8 26. g3
Rbe8 27. Rd1 e3 28. fxe3 dxe3 29. Be2 Re4 30. Qg2 Re7 31. Qh3 Re4 32. Qg2
Re7 33. Qh3 1/2-1/2

[Event "Corus 2010"]
[Site "Wijk aan Zee"]
[Date "24.01.2010"]
[Round "8"]
[White "Karjakin,Sergey"]
[Black "Short,N"]
[Result "1-0"]
[WhiteElo "2720"]
[BlackElo "2696"]
[EventDate "2010.01.16"]

1. e4 e5 2. Nf3 Nc6 3. Bb5 a6 4. Ba4 Nf6 5. O-O Be7 6. Re1 b5 7. Bb3 d6 8.
c3 O-O 9. h3 Na5 10. Bc2 c5 11. d4 Nd7 12. Nbd2 exd4 13. cxd4 Re8 14. d5
Bf6 15. Rb1 Ra7 16. b3 h6 17. Nf1 Ne5 18. Bf4 Rc7 19. Ng3 Nxf3+ 20. Qxf3
Nb7 21. Nh5 Be5 22. Re3 Qh4 23. Bg3 Bxg3 24. Nxg3 Qg5 25. Rf1 Rce7 26. Qe2
f5 27. f4 Qf6 28. Nh5 Qb2 29. e5 dxe5 30. Rb1 Qd4 31. Rd1 exf4 32. Rxd4
Rxe3 33. Qd2 Re1+ 34. Kh2 f3 35. Bd1 cxd4 36. Bxf3 Nd6 37. Qxd4 R1e7 38.
Qb6 Ne4 39. Nf4 Rb7 40. Qc6 Nf6 41. Nh5 Rf8 42. Nxf6+ gxf6 43. Qxa6 Kg7 44.
d6 Rd7 45. Qxb5 Rxd6 46. a4 Kg6 47. a5 Rfd8 48. b4 Ba6 49. Bh5+ Kg5 50. h4+
Kf4 51. Qc5 Bd3 52. b5 Rd5 53. Qc7+ Ke3 54. b6 Be4 55. b7 Rg8 56. b8=Q
Rxg2+ 57. Kh3 Rd3 58. Qc4 Rg1 59. Qxd3+ Kxd3 60. Qb3+ Kd2 61. Qb2+ 1-0

[Event "Corus 2010"]
[Site "Wijk aan Zee"]
[Date "24.01.2010"]
[Round "8"]
[White "Dominguez Perez,L"]
[Black "Van Wely,L"]
[Result "1/2-1/2"]
[WhiteElo "2712"]
[BlackElo "2641"]
[EventDate "2010.01.16"]

1. e4 c5 2. Nf3 d6 3. d4 cxd4 4. Nxd4 Nf6 5. Nc3 a6 6. Be3 e5 7. Nb3 Be7 8.
f3 Be6 9. Qd2 O-O 10. O-O-O Nbd7 11. g4 b5 12. Rg1 Nb6 13. Na5 Rc8 14. g5
Nh5 15. Kb1 Nf4 16. a3 Qc7 17. Bxf4 exf4 18. Nd5 Nxd5 19. exd5 Bxd5 20.
Qxd5 Qxa5 21. Bd3 g6 22. h4 Rc5 23. Qe4 Re5 24. Qxf4 Rb8 25. c3 Qb6 26. Bc2
a5 27. Bb3 Rf5 28. Qe4 Bf8 29. Rg2 Re5 30. Qd3 Qc5 31. Rg4 Qe3 32. Qxe3
Rxe3 33. Rf4 Rb7 34. Bd5 Rc7 35. a4 bxa4 36. Rxa4 Rc5 37. Rf4 Re7 38. Ka2
Bg7 39. Rd3 Kf8 40. Ka3 Be5 41. Ra4 Bg3 42. Rg4 Bf2 43. Rf4 Bg3 44. Rg4 Bf2
45. Rf4 1/2-1/2

[Event "Corus 2010"]
[Site "Wijk aan Zee"]
[Date "26.01.2010"]
[Round "9"]
[White "Ivanchuk,V"]
[Black "Shirov,A"]
[Result "1/2-1/2"]
[WhiteElo "2749"]
[BlackElo "2723"]
[EventDate "2010.01.16"]

1. e4 e5 2. Nf3 Nc6 3. Bb5 a6 4. Ba4 Nf6 5. O-O b5 6. Bb3 Bc5 7. a4 Rb8 8.
c3 d6 9. d4 Bb6 10. axb5 axb5 11. Na3 Bg4 12. Nxb5 O-O 13. Re1 Bxf3 14.
gxf3 Nh5 15. Kh1 Qf6 16. Rg1 exd4 17. Bg5 Qe5 18. Bd5 dxc3 19. Bxc6 cxb2
20. Rb1 Bxf2 21. Rg2 Rb6 22. Qd5 Bc5 23. Rbxb2 Rxc6 24. Qxc6 Ng3+ 25. hxg3
Qxg5 26. Rb1 Qh5+ 27. Rh2 Qxf3+ 28. Rg2 Qh5+ 1/2-1/2

[Event "Corus 2010"]
[Site "Wijk aan Zee"]
[Date "26.01.2010"]
[Round "9"]
[White "Short,N"]
[Black "Dominguez Perez,L"]
[Result "1/2-1/2"]
[WhiteElo "2696"]
[BlackElo "2712"]
[EventDate "2010.01.16"]

1. e4 c5 2. Nc3 d6 3. Nge2 Nf6 4. f4 a6 5. g3 g6 6. Bg2 Bg7 7. O-O Nc6 8.
d3 O-O 9. h3 Nd7 10. Be3 b5 11. a3 Bb7 12. Qd2 Nd4 13. Rae1 e6 14. Nd1 Qc7
15. Nc1 f5 16. c3 Nc6 17. exf5 exf5 18. Bd5+ Kh8 19. Qg2 Rae8 20. Bf2 Nb6
21. Bf3 Nd8 22. Ne3 Bxf3 23. Qxf3 Qc6 24. Kg2 Kg8 25. Re2 Qxf3+ 26. Kxf3
Ne6 27. Rfe1 Nc7 1/2-1/2

[Event "Corus 2010"]
[Site "Wijk aan Zee"]
[Date "26.01.2010"]
[Round "9"]
[White "Tiviakov,S"]
[Black "Anand,V"]
[Result "1/2-1/2"]
[WhiteElo "2662"]
[BlackElo "2790"]
[EventDate "2010.01.16"]

1. e4 c5 2. c3 Nf6 3. e5 Nd5 4. Nf3 Nc6 5. Bc4 Nb6 6. Bb3 d5 7. exd6 Qxd6
8. O-O c4 9. Bc2 Bg4 10. Qe2 Qe6 11. Qe3 Qxe3 12. fxe3 e5 13. b3 f6 14. Na3
Bxa3 15. Bxa3 O-O-O 16. Rf2 Kc7 17. Nh4 Rd7 18. Kf1 Be6 19. Ke1 Ne7 20. Rb1
Nbc8 21. g3 Nd6 22. e4 b5 23. Ng2 Nec8 24. Ne3 Nb6 25. Bb4 Ra8 26. g4 a5
27. Ba3 Kc6 28. Nf5 Nxf5 29. gxf5 Bf7 30. Rg2 b4 31. Bc1 cxb3 32. axb3 Bh5
33. Rg3 Kb7 34. Ra1 g6 35. fxg6 Bxg6 36. Rf3 Rd6 37. cxb4 axb4 38. Rxa8
Nxa8 39. d3 Rc6 40. Rf2 Nc7 41. Be3 Nb5 42. Bd1 Nc3 43. Bg4 Rd6 44. Bh6
Rxd3 45. Rxf6 Nxe4 46. Rf3 Rd4 47. Be3 Rd6 48. h4 Ra6 49. h5 Be8 50. Rf8
Ra1+ 51. Ke2 Bb5+ 52. Kf3 Rf1+ 53. Kxe4 Rxf8 54. Kxe5 Bd3 55. Bc5 Re8+ 56.
Kf6 Kc6 57. Bxb4 Rb8 58. Be7 Rxb3 59. Be6 Rb1 60. Bf8 Rf1+ 61. Kg7 Kc7 62.
h6 Kd8 63. Bf7 1/2-1/2

[Event "Corus 2010"]
[Site "Wijk aan Zee"]
[Date "26.01.2010"]
[Round "9"]
[White "Smeets,J"]
[Black "Caruana,F"]
[Result "1-0"]
[WhiteElo "2657"]
[BlackElo "2675"]
[EventDate "2010.01.16"]

1. e4 c5 2. Nf3 e6 3. d4 cxd4 4. Nxd4 a6 5. c4 Nf6 6. Nc3 Bb4 7. Qd3 O-O 8.
e5 Ne8 9. a3 Ba5 10. Be2 Bc7 11. Bf4 d6 12. exd6 Bxd6 13. Bxd6 Qxd6 14. Qe3
Qc7 15. O-O b6 16. Rfd1 Bb7 17. Qg3 Qe7 18. Na4 Nd7 19. Bf3 Bxf3 20. Qxf3
Nef6 21. Nc6 Qe8 22. Rd6 Rc8 23. Rad1 Nb8 24. Nxb8 Qxa4 25. Nc6 Rc7 26. Ne5
b5 27. Rd8 bxc4 28. Ng4 Ne8 29. Qg3 Rc8 30. h3 h5 31. Ne5 Nf6 32. R8d4 Qc2
33. R4d2 Qf5 34. Qe3 Nd5 35. Qd4 c3 36. bxc3 Rxc3 37. a4 Rfc8 38. Re1 Nf4
39. Qe4 Qg5 40. Rd7 Nxh3+ 41. Kf1 f5 42. Qb7 Nf4 43. g3 Nd5 44. Qxa6 Qf6
45. Qe2 Rc1 46. Rxc1 Rxc1+ 47. Kg2 Qg5 48. Nd3 Kh7 49. Rxd5 exd5 50. f4
Rg1+ 51. Kxg1 Qxg3+ 52. Kf1 Qh3+ 53. Kf2 Qh2+ 54. Ke3 Qg1+ 55. Kd2 Kh6 56.
Qe6+ g6 57. Qe5 Kh7 58. Qe7+ Kg8 59. Qd8+ Kh7 60. Qc7+ Kh6 61. Qc8 Kh7 62.
a5 h4 63. Qd7+ Kh6 64. a6 h3 65. Qd8 Qa1 66. Qh4+ Kg7 67. Qe7+ Kh6 68. Qg5+
Kg7 69. Qe7+ Kh6 70. a7 Qa2+ 71. Ke3 h2 72. Qh4+ Kg7 73. Qe7+ Kh6 74. Nf2
Qb3+ 75. Ke2 Qc4+ 76. Kf3 Qf1 77. Qh4+ 1-0

[Event "Corus 2010"]
[Site "Wijk aan Zee"]
[Date "27.01.2010"]
[Round "10"]
[White "Karjakin,Sergey"]
[Black "Carlsen,M"]
[Result "0-1"]
[WhiteElo "2720"]
[BlackElo "2810"]
[EventDate "2010.01.16"]

1. e4 e6 2. d4 d5 3. Nc3 Nf6 4. e5 Nfd7 5. f4 c5 6. Nf3 Nc6 7. Be3 Be7 8.
Qd2 O-O 9. Be2 a6 10. O-O b5 11. Kh1 Qc7 12. a3 Bb7 13. Rad1 Rac8 14. Qe1
cxd4 15. Nxd4 Nxd4 16. Bxd4 Bc5 17. Qh4 Bxd4 18. Rxd4 f6 19. Bd3 h6 20.
exf6 Rxf6 21. f5 Rcf8 22. Rg1 Nc5 23. fxe6 Nxe6 24. Rg4 Nf4 25. Qg3 Qe7 26.
Rxf4 Rxf4 27. Ne2 Rf1 28. Nd4 Rxg1+ 29. Kxg1 Re8 30. h4 Qe1+ 31. Kh2 Qxg3+
32. Kxg3 Kf7 33. Kf2 Kf6 34. g3 Bc8 35. c3 Bg4 36. Bc2 g5 37. hxg5+ hxg5
38. Bb3 Ke5 39. Bc2 Rf8+ 40. Kg2 Bd7 41. Nf3+ Kf6 42. Bb3 g4 43. Nd4 Ke5
44. Bc2 a5 45. Bd1 Ke4 0-1

[Event "Corus 2010"]
[Site "Wijk aan Zee"]
[Date "27.01.2010"]
[Round "10"]
[White "Caruana,F"]
[Black "Van Wely,L"]
[Result "1/2-1/2"]
[WhiteElo "2675"]
[BlackElo "2641"]
[EventDate "2010.01.16"]

1. e4 c5 2. Nf3 d6 3. d4 cxd4 4. Nxd4 Nf6 5. Nc3 a6 6. Be2 e6 7. O-O Be7 8.
f4 O-O 9. Be3 Nc6 10. Kh1 Qc7 11. Qe1 Nxd4 12. Bxd4 b5 13. a3 Nd7 14. Qg3
Bf6 15. Bxf6 Nxf6 16. Bd3 Bb7 17. Rae1 Nd7 18. Nd1 Nc5 19. Nf2 f6 20. c3 e5
21. Bc2 Kh8 22. Re3 g6 23. Ng4 f5 24. exf5 gxf5 25. Nh6 Rg8 26. Nxg8 Rxg8
27. Qh4 Bxg2+ 28. Kg1 Be4+ 29. Rg3 Rxg3+ 30. hxg3 Bxc2 31. fxe5 dxe5 32.
Qf6+ Kg8 33. Rf2 Be4 34. Rh2 Qd7 35. Qg5+ Kf8 36. Qf6+ Kg8 37. Qg5+ Qg7 38.
Qd8+ Qf8 39. Qc7 f4 40. Qxe5 fxg3 41. Rd2 Bg6 42. Qd5+ Kg7 43. Qe5+ Kg8 44.
Qd5+ Kg7 45. Qe5+ Kg8 46. Qd5+ 1/2-1/2

[Event "Corus 2010"]
[Site "Wijk aan Zee"]
[Date "27.01.2010"]
[Round "10"]
[White "Tiviakov,S"]
[Black "Smeets,J"]
[Result "1-0"]
[WhiteElo "2662"]
[BlackElo "2657"]
[EventDate "2010.01.16"]

1. e4 e5 2. Nf3 Nf6 3. d4 Nxe4 4. Bd3 d5 5. Nxe5 Nd7 6. Nxd7 Bxd7 7. O-O
Qh4 8. c4 O-O-O 9. c5 g6 10. Nc3 Bg7 11. Be3 Nxc5 12. g3 Qh3 13. Be2 h5 14.
Nxd5 Ne6 15. Rc1 Kb8 16. Nf4 Qf5 17. Bd3 Qa5 18. d5 Nd4 19. Rc4 Bg4 20. f3
Nxf3+ 21. Rxf3 Rhe8 22. Bf2 g5 23. Nxh5 Bxh5 24. g4 Qxd5 25. Rc5 Re1+ 26.
Qxe1 Qxf3 27. Be2 Qe4 28. gxh5 Re8 29. Rxg5 Bxb2 30. Qd2 Bf6 31. Rg4 Qf5
32. h6 b6 33. Qd3 Qh5 34. Bf3 1-0

[Event "Corus 2010"]
[Site "Wijk aan Zee"]
[Date "29.01.2010"]
[Round "11"]
[White "Shirov,A"]
[Black "Kramnik,V"]
[Result "1/2-1/2"]
[WhiteElo "2723"]
[BlackElo "2788"]
[EventDate "2010.01.16"]

1. e4 e5 2. Nf3 Nf6 3. Nxe5 d6 4. Nf3 Nxe4 5. d4 d5 6. Bd3 Nc6 7. O-O Be7
8. c4 Nb4 9. Be2 O-O 10. Nc3 Bf5 11. a3 Nxc3 12. bxc3 Nc6 13. Re1 Re8 14.
cxd5 Qxd5 15. Bf4 Rac8 16. h3 Be4 17. Nd2 Bxg2 18. Bg4 Bh1 19. f3 Bh4 20.
Re4 f5 21. Kxh1 fxg4 22. hxg4 Qf7 23. Qb3 Ne7 24. Qxf7+ Kxf7 25. c4 Ng6 26.
Bh2 Bf6 27. Rb1 b6 28. d5 Be5 29. f4 Bd6 30. a4 h6 31. Rbe1 Nf8 32. f5 Nd7
33. Bxd6 cxd6 34. Re6 Ne5 35. c5 Nd3 36. cxd6 Nxe1 37. d7 Rcd8 38. dxe8=Q+
Rxe8 39. Nc4 Rxe6 40. fxe6+ Ke7 41. Ne5 Kd6 42. Nc4+ Ke7 43. Ne5 Kd6 44.
Kh2 Nc2 45. Nc4+ Ke7 46. Kg3 Nb4 47. Ne3 Nxd5 48. Nxd5+ Kxe6 49. Nc3 a6 50.
Kf4 b5 51. axb5 1/2-1/2

[Event "Corus 2010"]
[Site "Wijk aan Zee"]
[Date "29.01.2010"]
[Round "11"]
[White "Van Wely,L"]
[Black "Tiviakov,S"]
[Result "1-0"]
[WhiteElo "2641"]
[BlackElo "2662"]
[EventDate "2010.01.16"]

1. d4 Nf6 2. c4 e6 3. Nf3 b6 4. g3 Bb7 5. Bg2 Be7 6. Nc3 O-O 7. O-O Ne4 8.
Bd2 f5 9. Qc2 Bf6 10. Rad1 Nxc3 11. Bxc3 Be4 12. Qc1 d6 13. Rfe1 Nd7 14.
Bf1 Bb7 15. b4 Qe7 16. Qc2 c5 17. Bg2 Be4 18. Qb2 cxd4 19. Bxd4 Rac8 20.
Nd2 Bxg2 21. Kxg2 e5 22. Bc3 Qe6 23. e4 f4 24. Qb3 Rf7 25. c5 Qxb3 26. axb3
fxg3 27. hxg3 b5 28. Nf3 dxc5 29. Rd5 cxb4 30. Bxb4 a6 31. Red1 Nb6 32. Rd6
Rb7 33. Ba5 Rcb8 34. Rc6 Kf7 35. Rdd6 Nd7 36. b4 Ra8 37. Ne1 Be7 38. Rd5
Ke8 39. Nd3 Bf6 40. Rdd6 h6 41. Rxa6 Rxa6 42. Rxa6 Be7 43. Kf3 Kf7 44. Kg4
h5+ 45. Kf3 g6 46. Ke2 Rb8 47. Rc6 h4 48. gxh4 Rh8 49. Rc7 Ke6 50. Rc6+ Kf7
51. Rc7 Ke6 52. Rxd7 Kxd7 53. Nxe5+ Ke8 54. Nxg6 Rh6 55. Nxe7 Kxe7 56. Ke3
Rxh4 57. Bb6 Ke6 58. f4 Rh1 59. f5+ Kf6 60. Bd4+ Kg5 61. Bc3 Rd1 62. Bd2
Kf6 63. Bc3+ Kg5 64. Bg7 Rd7 65. Bf8 Kg4 66. Bc5 Kg5 67. Kf3 Rh7 68. Kg3
Kf6 69. Bd4+ Kg5 70. Bc5 Kf6 71. Bd6 Kg5 72. Bf4+ Kf6 73. Kg4 Rg7+ 74. Kf3
Rh7 75. Bg3 Kg5 76. Bf4+ Kf6 77. Ke3 Rd7 78. Bg3 Kg5 79. Be5 Rd8 80. Bd4
Rd7 81. Bc5 Kg4 82. f6 Kg5 83. e5 Kf5 84. Bd6 Ke6 85. Kd4 Rxd6+ 86. exd6
Kxd6 87. f7 Ke7 88. Kc5 1-0

[Event "Corus 2010"]
[Site "Wijk aan Zee"]
[Date "29.01.2010"]
[Round "11"]
[White "Short,N"]
[Black "Caruana,F"]
[Result "1/2-1/2"]
[WhiteElo "2696"]
[BlackElo "2675"]
[EventDate "2010.01.16"]

1. e4 c5 2. Nf3 e6 3. g3 Nc6 4. Bg2 d5 5. exd5 exd5 6. O-O Nf6 7. d4 Be7 8.
Be3 cxd4 9. Nxd4 O-O 10. h3 Re8 11. Re1 h6 12. Nd2 Bd6 13. c3 Bd7 14. Qb3
a6 15. Rad1 Qc7 16. Nf1 Re7 17. Qc2 Rae8 18. Nf5 Bxf5 19. Qxf5 Qa5 20. Qb1
Qb5 21. b3 Bc5 22. Qd3 Bxe3 23. Rxe3 Qa5 24. Qd2 Rc8 25. Bxd5 Nxd5 26. Qxd5
Rxe3 27. Qxa5 Rxg3+ 28. Nxg3 Nxa5 29. c4 Rc7 30. Rd8+ Kh7 31. Ne4 Nc6 32.
Rf8 Kg6 33. Kg2 Nb4 34. Nc3 Rd7 35. Rb8 Kf5 36. Na4 Rc7 37. Nc3 1/2-1/2

[Event "Corus 2010"]
[Site "Wijk aan Zee"]
[Date "29.01.2010"]
[Round "11"]
[White "Carlsen,M"]
[Black "Dominguez Perez,L"]
[Result "1-0"]
[WhiteElo "2810"]
[BlackElo "2712"]
[EventDate "2010.01.16"]

1. d4 Nf6 2. c4 g6 3. Nc3 d5 4. Nf3 Bg7 5. Qb3 dxc4 6. Qxc4 O-O 7. e4 a6 8.
e5 b5 9. Qb3 Nfd7 10. Ng5 Nb6 11. Be3 Nc6 12. Rd1 Bf5 13. Be2 Na5 14. Qb4
Nac4 15. O-O f6 16. Nf3 Nxe3 17. fxe3 fxe5 18. dxe5 Qe8 19. Qc5 Rc8 20. a4
Nxa4 21. Nxa4 bxa4 22. Nd4 Rb8 23. g4 Be4 24. Ne6 Rxf1+ 25. Bxf1 c6 26. Ng5
Bd5 27. e4 Bb3 28. Bc4+ e6 29. Nxe6 Bxc4 30. Qxc4 Kh8 31. Nxg7 Kxg7 32. e6
Rb7 33. Qc3+ Kg8 34. Rd6 Re7 35. Rxc6 Qf8 36. Rc8 Re8 37. Rxe8 Qxe8 38. Qf6
Qc8 39. Kg2 Qc2+ 40. Kh3 Qc5 41. Kh4 Qb4 42. Qf7+ Kh8 43. e7 Qe1+ 44. Kg5
Qe3+ 45. Qf4 1-0

[Event "Corus 2010"]
[Site "Wijk aan Zee"]
[Date "29.01.2010"]
[Round "11"]
[White "Ivanchuk,V"]
[Black "Karjakin,Sergey"]
[Result "1/2-1/2"]
[WhiteElo "2749"]
[BlackElo "2720"]
[EventDate "2010.01.16"]

1. d4 Nf6 2. c4 e6 3. g3 d5 4. Bg2 Be7 5. Nf3 O-O 6. O-O dxc4 7. Qc2 a6 8.
a4 Bd7 9. Qxc4 Bc6 10. Bf4 a5 11. Nc3 Na6 12. Ne5 Bxg2 13. Kxg2 Nd5 14.
Rad1 Nxf4+ 15. gxf4 Bd6 16. e3 Qh4 17. Qe2 f6 18. Nc4 g5 19. d5 e5 20. f5
Nc5 21. e4 Rf7 22. Kh1 Nb3 23. Nb5 Nd4 24. Nxd4 exd4 25. f3 Qh3 26. Rf2 h5
27. Rg2 Bf4 28. Rxd4 Kh8 29. Rd3 Rh7 30. Rc3 Rd8 31. Rd3 Ra8 32. b3 Qh4 33.
Qf2 Qh3 34. Rd1 Rg7 35. Rdg1 Rag8 36. Nxa5 g4 37. fxg4 Rxg4 38. Rxg4 Rxg4
39. Rxg4 hxg4 40. Qxf4 g3 1/2-1/2

[Event "Corus 2010"]
[Site "Wijk aan Zee"]
[Date "30.01.2010"]
[Round "12"]
[White "Karjakin,Sergey"]
[Black "Shirov,A"]
[Result "1/2-1/2"]
[WhiteElo "2720"]
[BlackElo "2723"]
[EventDate "2010.01.16"]

1. e4 e5 2. Nf3 Nc6 3. Bb5 a6 4. Ba4 Nf6 5. O-O b5 6. Bb3 Bc5 7. c3 d6 8.
a4 Rb8 9. d4 Bb6 10. Na3 O-O 11. axb5 axb5 12. Nxb5 Bg4 13. Bc2 exd4 14.
Nbxd4 Nxd4 15. cxd4 Bxf3 16. gxf3 Nh5 17. Ra4 Qf6 18. e5 dxe5 19. dxe5 Qxe5
20. f4 Qc5 21. b4 Qc6 22. b5 Qc3 23. Bxh7+ Kxh7 24. Qxh5+ Kg8 25. Ra3 Qc2
26. Rh3 Qg6+ 27. Qxg6 fxg6 28. Rg3 Kh7 29. Rd1 Rf5 30. Bb2 Rxf4 31. Rh3+
Kg8 32. Rd7 Bxf2+ 33. Kh1 Bh4 34. Be5 Rf1+ 35. Kg2 Rf2+ 36. Kg1 Rf5 37.
Bxc7 Bf2+ 38. Kg2 Rbxb5 39. Rd8+ Kf7 40. Rd7+ Kg8 1/2-1/2

[Event "Corus 2010"]
[Site "Wijk aan Zee"]
[Date "30.01.2010"]
[Round "12"]
[White "Tiviakov,S"]
[Black "Short,N"]
[Result "1/2-1/2"]
[WhiteElo "2662"]
[BlackElo "2696"]
[EventDate "2010.01.16"]

1. e4 c6 2. d4 d5 3. Nd2 dxe4 4. Nxe4 Nf6 5. Nxf6+ gxf6 6. Nf3 Bg4 7. Be2
Qc7 8. Be3 Nd7 9. Nh4 Bxe2 10. Qxe2 e6 11. O-O-O O-O-O 12. c4 Qa5 13. Kb1
Nb6 14. Qc2 Qh5 15. g3 Bh6 16. f4 Kb8 17. Rd2 Rd7 18. Rhd1 Rc8 19. Qc3 Bg7
20. f5 Rcd8 21. b3 Bh6 22. Kc2 Nc8 23. Bxh6 Qxh6 24. Re1 e5 25. Red1 exd4
26. Rxd4 Rxd4 27. Rxd4 Qf8 28. Rxd8 Qxd8 29. Nf3 Qe7 30. Qd4 Nd6 31. g4 Kc7
32. Kd3 b6 33. Qe3 Qd7 1/2-1/2

[Event "Corus 2010"]
[Site "Wijk aan Zee"]
[Date "30.01.2010"]
[Round "12"]
[White "Smeets,J"]
[Black "Van Wely,L"]
[Result "1-0"]
[WhiteElo "2657"]
[BlackElo "2641"]
[EventDate "2010.01.16"]

1. e4 c5 2. Nf3 d6 3. d4 cxd4 4. Nxd4 Nf6 5. Nc3 a6 6. Bg5 e6 7. f4 Nbd7 8.
Qe2 Qc7 9. O-O-O b5 10. g3 Be7 11. Bg2 Bb7 12. e5 dxe5 13. fxe5 Nd5 14.
Bxe7 Nxc3 15. bxc3 Bxg2 16. Qxg2 Kxe7 17. Nc6+ Kf8 18. Rhf1 Nb6 19. Qf3 Re8
20. Nd8 Re7 21. Rd6 Ke8 22. Rxb6 Qxd8 23. Rxa6 1-0

[Event "Corus 2010"]
[Site "Wijk aan Zee"]
[Date "31.01.2010"]
[Round "13"]
[White "Short,N"]
[Black "Smeets,J"]
[Result "1/2-1/2"]
[WhiteElo "2696"]
[BlackElo "2657"]
[EventDate "2010.01.16"]

1. e4 e5 2. Nf3 Nf6 3. d4 Nxe4 4. dxe5 Bc5 5. Bc4 Nxf2 6. Bxf7+ Kxf7 7.
Qd5+ Kg6 8. Bg5 Qe8 9. Nh4+ Kxg5 10. Nd2 Kh6 11. Nf5+ Kg6 12. Nh4+ Kh6 13.
Nf5+ Kg6 14. Nh4+ 1/2-1/2

[Event "Corus 2010"]
[Site "Wijk aan Zee"]
[Date "31.01.2010"]
[Round "13"]
[White "Carlsen,M"]
[Black "Caruana,F"]
[Result "1/2-1/2"]
[WhiteElo "2810"]
[BlackElo "2675"]
[EventDate "2010.01.16"]

1. e4 e5 2. Nf3 Nc6 3. Bb5 a6 4. Ba4 Nf6 5. d3 d6 6. c3 g6 7. Nbd2 Bg7 8.
Nf1 O-O 9. Bg5 d5 10. Qe2 Qd6 11. Bxf6 Bxf6 12. Ne3 Ne7 13. Bb3 c6 14. h4
Be6 15. Ng5 Bd7 16. Rd1 Rad8 17. Qf3 h6 18. Nc4 dxc4 19. dxc4 Nd5 20. Nh3
h5 21. Qg3 Bg4 22. Rd2 Bxh4 23. Qxh4 Qf6 24. Qxf6 Nxf6 25. Ng5 c5 26. f3
Bc8 27. Ba4 Kg7 28. Rxd8 Rxd8 29. b4 Rd3 30. bxc5 Rxc3 31. Kd2 Rxc4 32. Bb3
Rxc5 33. Nxf7 a5 34. Rc1 Rxc1 35. Kxc1 a4 36. Bc4 b5 37. Nd6 bxc4 38. Nxc8
h4 39. Nb6 Nh5 40. Nxc4 Kf6 41. Kd2 Nf4 42. Ke3 Nxg2+ 43. Kf2 Nf4 44. Nb2
a3 45. Nc4 Nd3+ 46. Kg2 Kg5 47. Nxa3 Kf4 48. Nc2 Nb2 49. Nb4 h3+ 50. Kxh3
Kxf3 51. Kh4 Kf4 52. Nd5+ Kxe4 53. Ne7 Kf3 54. Nxg6 e4 55. Ne5+ Kf4 56. Ng4
Na4 1/2-1/2

[Event "Corus 2010"]
[Site "Wijk aan Zee"]
[Date "31.01.2010"]
[Round "13"]
[White "Shirov,A"]
[Black "Dominguez Perez,L"]
[Result "1/2-1/2"]
[WhiteElo "2723"]
[BlackElo "2712"]
[EventDate "2010.01.16"]

1. e4 c5 2. Nf3 d6 3. d4 cxd4 4. Nxd4 Nf6 5. Nc3 a6 6. Bg5 Nbd7 7. Bc4 Qb6
8. Bb3 e6 9. Qd2 Be7 10. O-O-O Nc5 11. f3 Qc7 12. Kb1 O-O 13. g4 b5 14. a3
Rb8 15. h4 Bd7 16. Bxf6 Bxf6 17. g5 Bd8 18. h5 a5 19. g6 Nxb3 20. Nxb3 fxg6
21. hxg6 h6 22. Nxa5 Rxf3 23. e5 Be8 24. exd6 Qxa5 25. Rxh6 gxh6 26. Qxh6
Bf6 27. d7 Bxc3 28. dxe8=Q+ Rxe8 29. Qh1 Re7 30. Qxf3 Bg7 1/2-1/2

[Event "Corus 2010"]
[Site "Wijk aan Zee"]
[Date "31.01.2010"]
[Round "13"]
[White "Kramnik,V"]
[Black "Karjakin,Sergey"]
[Result "1/2-1/2"]
[WhiteElo "2788"]
[BlackElo "2720"]
[EventDate "2010.01.16"]

1. d4 Nf6 2. c4 e6 3. Nf3 b6 4. g3 Ba6 5. Qa4 Bb7 6. Bg2 c5 7. dxc5 bxc5 8.
O-O Be7 9. Nc3 O-O 10. Rd1 Qb6 11. Bf4 Rd8 12. Rd2 d6 13. Rad1 Ne8 14. g4
Nc6 15. Bg3 Rab8 16. b3 Nb4 17. h3 h6 18. Qa3 Nf6 19. Ne1 Bxg2 20. Nxg2 Rb7
21. Qa4 1/2-1/2

[Event "Corus 2010 - B"]
[Site "Wijk aan Zee"]
[Date "27.01.2010"]
[Round "10B"]
[White "Nyback,T"]
[Black "So,W"]
[Result "0-1"]
[WhiteElo "2643"]
[BlackElo "2656"]
[EventDate "2010.01.16"]

1. d4 d5 2. c4 c6 3. Nf3 Nf6 4. e3 a6 5. Nc3 b5 6. c5 g6 7. Bd3 Bg7 8. Qc2
O-O 9. O-O Nbd7 10. e4 dxe4 11. Bxe4 Nxe4 12. Qxe4 Nf6 13. Qh4 Re8 14. Re1
a5 15. Bh6 Bh8 16. Ne5 Qc7 17. Qf4 Bf5 18. Qf3 Rac8 19. Rac1 Red8 20. Ne2
a4 21. a3 Bg7 22. Bxg7 Kxg7 23. h3 Qb7 24. Rcd1 Be4 25. Qe3 Bc2 26. Rd2 Bb3
27. Nf4 b4 28. Ned3 bxa3 29. bxa3 Rd7 30. Ne5 Rdd8 31. h4 Nd5 32. Nh5+ Kg8
33. Qh6 gxh5 34. Rd3 Bc2 35. Qg5+ Kf8 36. Qxh5 e6 37. Rf3 f6 38. Rg3 Rc7
39. Qh6+ Rg7 40. Nxc6 Re8 41. Nb4 Bb3 42. Nxd5 Bxd5 43. Ree3 f5 44. h5 Ree7
45. Qf6+ Ke8 46. h6 Rg4 47. Rxg4 fxg4 48. Re5 Rf7 49. Rxe6+ Bxe6 50. Qxe6+
Kd8 51. Qd6+ Kc8 52. Qe6+ Kd8 53. Qd6+ Qd7 54. Qe5 Kc8 55. Qe4 Kd8 56. d5
Qf5 57. Qd4 Qf4 58. Qh8+ Rf8 59. Qb2 g3 60. fxg3 Qe3+ 61. Kh2 Qxh6+ 0-1

[Event "Corus 2010 - C"]
[Site "Wijk aan Zee"]
[Date "16.01.2010"]
[Round "1C"]
[White "Robson,R"]
[Black "Soumya,Sw"]
[Result "1-0"]
[WhiteElo "2570"]
[BlackElo "2323"]
[EventDate "2010.01.16"]

1. e4 c5 2. Nf3 d6 3. d4 cxd4 4. Nxd4 Nf6 5. Nc3 a6 6. h3 e6 7. g4 h6 8.
Bg2 Bd7 9. f4 Nc6 10. Be3 Rc8 11. Qe2 b5 12. a3 Qc7 13. O-O Nxd4 14. Bxd4
e5 15. Be3 Be6 16. Qd2 exf4 17. Bxf4 Be7 18. Rfd1 Rd8 19. a4 b4 20. Ne2 g5
21. Bh2 Qc5+ 22. Qd4 d5 23. exd5 Bxd5 24. Be5 Qxd4+ 25. Nxd4 O-O 26. Nf5
Bc5+ 27. Kh2 Bxg2 28. Kxg2 Nd5 29. Kf3 f6 30. Bd4 Bxd4 31. Rxd4 Nf4 32.
Rad1 Rxd4 33. Rxd4 a5 34. Rd7 Nxh3 35. Nxh6+ Kh8 36. Ke4 Rc8 37. Nf7+ Kg8
38. Rd8+ Rxd8 39. Nxd8 Nf2+ 40. Kf3 Nd1 41. b3 Nc3 42. Nc6 Kf7 43. Nxa5 Ke6
44. Nc6 Nd5 45. Ke4 Kd6 46. Nd4 Kc5 47. Ne2 Ne7 48. Nc1 Kd6 49. Nd3 Nc6 50.
Kf5 Ke7 51. a5 1-0

[Event "Corus 2010 - C"]
[Site "Wijk aan Zee"]
[Date "16.01.2010"]
[Round "1C"]
[White "Swinkels,R"]
[Black "Gupta,Ab"]
[Result "1/2-1/2"]
[WhiteElo "2495"]
[BlackElo "2577"]
[EventDate "2010.01.16"]

1. e4 c5 2. Nf3 d6 3. d4 cxd4 4. Nxd4 Nf6 5. Nc3 Nc6 6. Bg5 e6 7. Qd2 a6 8.
O-O-O Bd7 9. f3 b5 10. Nxc6 Bxc6 11. Kb1 Be7 12. h4 O-O 13. Ne2 Rc8 14. Nd4
Bb7 15. Bd3 Nd7 16. Qe3 Ne5 17. g4 Qc7 18. Bxe7 Qxe7 19. g5 d5 20. exd5
Nxd3 21. Rxd3 Bxd5 22. Re1 Qc7 23. f4 b4 24. h5 a5 25. h6 a4 26. hxg7 Rfd8
27. Rd2 Qc4 28. b3 Qa6 29. Qd3 Qxd3 30. Rxd3 Bb7 31. bxa4 Rd5 32. Nb5 Rxd3
33. cxd3 Ra8 34. f5 exf5 35. Nd6 Ba6 36. Re8+ Rxe8 37. Nxe8 Bxd3+ 38. Kc1
Bc4 39. a5 f4 40. Kd2 Bb5 41. Nc7 Bc6 42. a6 Kxg7 43. a7 f6 44. gxf6+ Kxf6
45. a8=Q Bxa8 46. Nxa8 Ke5 47. Nc7 Kd4 48. Ne6+ Kc4 49. Nxf4 b3 1/2-1/2

[Event "Corus 2010 - C"]
[Site "Wijk aan Zee"]
[Date "16.01.2010"]
[Round "1C"]
[White "Muzychuk,M"]
[Black "Grandelius,N"]
[Result "0-1"]
[WhiteElo "2447"]
[BlackElo "2515"]
[EventDate "2010.01.16"]

1. e4 e5 2. Nf3 Nc6 3. Bb5 Nf6 4. d3 Bc5 5. Bxc6 dxc6 6. Bg5 Qe7 7. Nbd2 h6
8. Bh4 Qe6 9. Bg3 Bd6 10. h3 Bd7 11. Qe2 Nh5 12. Bh2 Nf4 13. Bxf4 exf4 14.
e5 Be7 15. Qe4 Qf5 16. O-O-O O-O-O 17. Rde1 Qxe4 18. Rxe4 g5 19. Ree1 Be6
20. a3 c5 21. Ne4 b6 22. h4 g4 23. Nfd2 Bf5 24. g3 f3 25. Re3 h5 26. Rhe1
Rh6 27. a4 Re6 28. Nc4 a6 29. b3 Kb7 30. Kb2 b5 31. Ncd2 Kb6 32. axb5 axb5
33. Ng5 Bxg5 34. hxg5 Rg8 35. c3 Rxg5 36. d4 cxd4 37. cxd4 c6 38. b4 Rg8
39. Nb3 Ra8 40. Na5 Rae8 41. Nb3 Rh6 42. Ra1 Rhh8 43. Nc5 Ra8 44. Rea3 Rxa3
45. Rxa3 Bc8 46. Ne4 h4 47. gxh4 Rxh4 48. Kc3 Rh2 49. Ra2 Be6 50. Rd2 Bc4
51. Rd1 Bd5 52. Nf6 Rxf2 53. Nxg4 Ra2 54. Rf1 Ra3+ 55. Kd2 Rb3 56. Nf6 Bc4
57. Rf2 Rd3+ 58. Kc2 Rxd4 59. Rxf3 Be6 60. Ne8 Rxb4 61. Nd6 Kc5 62. Nxf7
Bxf7 63. Rxf7 Re4 64. Re7 Kd5 65. Rd7+ Kxe5 66. Kc3 Rc4+ 67. Kb3 Rd4 68.
Rh7 Kd6 69. Rg7 Kc5 70. Rg5+ Rd5 71. Rg3 Rh5 72. Rf3 Rh6 73. Rg3 Kb6 0-1